Benda - benda yang dijadikan oleh Allah (Record no. 27888)

MARC details
000 -LEADER
fixed length control field 00700nam a2200253 i 4500
001 - CONTROL NUMBER
control field C2-0111732
003 - CONTROL NUMBER IDENTIFIER
control field PPAK
005 - DATE AND TIME OF LATEST TRANSACTION
control field 20180727103534.0
008 - FIXED-LENGTH DATA ELEMENTS--GENERAL INFORMATION
fixed length control field 970628s1994 my a|||| ||||| | may d
020 ## - INTERNATIONAL STANDARD BOOK NUMBER
International Standard Book Number 9679071782
040 ## - CATALOGING SOURCE
Original cataloging agency PPAK
Language of cataloging eng
Transcribing agency PPAK
Description conventions rda
082 04 - DEWEY DECIMAL CLASSIFICATION NUMBER
Classification number 297.2
Edition number 23
090 00 - LOCALLY ASSIGNED LC-TYPE CALL NUMBER (OCLC); LOCAL CALL NUMBER (RLIN)
Classification number (OCLC) (R) ; Classification number, CALL (RLIN) (NR) 297.2
Feature heading NOR
Feature heading K
100 0# - MAIN ENTRY--PERSONAL NAME
Personal name Norziah,
Relator term author
245 10 - TITLE STATEMENT
Title Benda - benda yang dijadikan oleh Allah
264 #1 - PRODUCTION, PUBLICATION, DISTRIBUTION, MANUFACTURE, AND COPYRIGHT NOTICE
Place of production, publication, distribution, manufacture Kuala Lumpur :
Name of producer, publisher, distributor, manufacturer Taha ,
Date of production, publication, distribution, manufacture, or copyright notice 1994
300 ## - PHYSICAL DESCRIPTION
Extent 24 pages :
Other physical details colour illustrations ;
Dimensions 21 cm
336 ## - CONTENT TYPE
Source rdacontent
Content type term text
337 ## - MEDIA TYPE
Source rdamedia
Media type term unmediated
338 ## - CARRIER TYPE
Source rdacarrier
Carrier type term volume
500 ## - GENERAL NOTE
General note Teks dalam tulisan jawi
650 10 - SUBJECT ADDED ENTRY--TOPICAL TERM
Topical term or geographic name entry element Islamic stories, Malay
942 ## - ADDED ENTRY ELEMENTS (KOHA)
-- dc
Koha item type Book
Holdings
Withdrawn Not for loan Current library Shelving location Date acquired Full call number Barcode Date last seen Koha item type
    Perpustakaan Awam Sungai Petani Pinjaman Kanak-kanak 09/11/2003 K 297.2 NOR A00404592 08/05/2018 Book
    Perpustakaan Awam Sungai Petani Pinjaman Kanak-kanak 10/11/2003 K 297.2 NOR A00400102 08/05/2018 Book
    Perpustakaan Jitra Pinjaman Kanak-kanak 09/11/2003 K 297.2 NOR A00825877 08/05/2018 Book
    Perpustakaan Langkawi Pinjaman Kanak-kanak 25/08/2004 K 297.2 NOR A00852682 08/05/2018 Book